000 00364nam a2200145Ia 4500
008 230917s9999||||xx |||||||||||||| ||und||
040 _e73275
_aMAIN
041 _aEnglish
082 _a658.4 J774N
100 _aJoseph, P T
245 0 _aNine managerial styles of the Enneagram
260 _aNew Delhi
_bResponse Books
_c2002
300 _a375 p.
942 _cBK
999 _c111792
_d111792